000 01168cam a22002658i 4500
999 _c58421
_d58421
001 21119205
005 20220126120949.0
008 190805s2020 nyu b 001 0 eng
020 _a9780367198053
041 _aeng
080 _a372.2 T-82
100 1 _aTrawick-Smith, Jeffrey W.
_913462
245 1 0 _aYoung children's play :
_bdevelopment, disabilities, and diversity /
_cJeffrey Trawick-Smith.
264 1 _aNew York :
_bRoutledge,
_c2020.
300 _a281 pages;
_b23 cm.
653 _aმცირეწლოვანი ბავშვების თამაში
653 _aигра с детьми дошкольного возраста
653 _aსკოლამდელი ბავშვების განათლება
653 _aДошкольное образование
653 _aშეზღუდული შესაძლებლობის მქონე ბავშვები
653 _aДети с ограниченными возможностями
653 _aბავშვის განვითარება
653 _aРазвитие ребенка
942 _2udc
_cBK